Una voz en la fuga cósmica /

Guardado en:
Autor Principal: Sagan, Carl.
Formato: Deslizar
Series:Cosmos. Edición especial
Materias:
ADN
Etiquetas: Agregar Etiqueta
Sin Etiquetas, Sea el primero en etiquetar este registro!
LEADER 00956ngm a22002775g 4500
001 CEM.cems021808
008 130507b1995##################0###0#####d
005 20240913162015.0
245 1 0 |a Una voz en la fuga cósmica /  |c Carl Sagan. 
300 |a 26 
490 0 |a Cosmos. Edición especial 
500 |a En soporte VHS, consultar en ventanilla. 
505 0 |a Armonía del universo. El Big-bang cósmico. Origen y evolución de la vida. Aparición del hombre en la tierra. Moléculas orgánicas. El ADN. 
538 |a Soporte: VHS - Norma: Pal N - Color - Grabación DRD 1995 - Hitachi=1490 
100 1 |a Sagan, Carl. 
082 5 2 |/ SAG-1 
653 |a ASTRONOMIA 
653 |a ASTROLOGIA 
653 |a COSMOS 
653 |a CALENDARIO COSMICO 
653 |a BIG-BANG 
653 |a EVOLUCION 
653 |a MOLECULAS ORGANICAS 
653 |a ADN 
653 |a NIVEL SECUNDARIO 
859 |a CEMS  |b BIB. CEMS - Depto. Recursos Didacticos  |h 520  |i SAG-1  |k DRD  |p 451.12  |t Ej.1